Στα γλωσσικά μονοπάτια του φόβου : ψυχισμός και γλώσσα

Αποθηκεύτηκε σε:
Λεπτομέρειες βιβλιογραφικής εγγραφής
Κύριος συγγραφέας: Θεοδωροπούλου, Μαρία
Άλλοι συγγραφείς: Τζαβάρας, Θανάσης (Συγγραφέας εισαγωγής κ.λπ.)
Μορφή: Βιβλίο
Γλώσσα:Greek
Δημοσίευση: Αθήνα : Νήσος, 2004
Σειρά:Επιχειρήματα ; ; 2
Θέματα:
Ετικέτες: Προσθήκη ετικέτας
Δεν υπάρχουν, Καταχωρήστε ετικέτα πρώτοι!

MARC

LEADER 00000nam a2200000 i 4500
001 1/28649
008 060503s2004 gre d
020 |a 960-8392-03-9 
035 |l 10083706 
040 |a GR-MY-UA  |b gre  |e aacr 
041 0 |a gre 
082 0 |a 401  |2 (22) 
100 1 |a Θεοδωροπούλου, Μαρία. 
245 1 0 |a Στα γλωσσικά μονοπάτια του φόβου :  |b ψυχισμός και γλώσσα /  |c Μαρία Θεοδωροπούλου ; πρόλογος: Θανάσης Τζαβάρας 
260 |a Αθήνα :   |b Νήσος,   |c 2004 
300 |a 447 σ.;  |c 25 εκ. 
490 1 |a Επιχειρήματα  |v ; 2 
504 |a Περιέχει βιβλιογραφία (σ. 431-447) 
650 0 0 |a Biolinguistics. 
650 0 0 |a Language and languages  |x Philosophy. 
650 0 0 |a Emotions. 
650 0 0 |a Fear. 
700 1 |a Τζαβάρας, Θανάσης.  |4 aui 
830 0 |a Επιχειρήματα ;  |v ; 2 
852 |a INST  |b LESVOS  |e 20060503  |h 401 ΘΕΟ  |p 005100034943  |q 005100034943  |t BK  |y 0 
852 |a INST  |b LESVOS  |e 20060503  |h 401 ΘΕΟ  |p 005100034944  |q 005100034944  |t BK  |y 0 
901 |a BIBL1-2006-2 
909 |a Λ  |b 126449 
909 |a Λ  |b 126450 
920 |a ΕΠΕΑΕΚ ΠΜΣ ΓΥΝΑΙΚΕΣ KAI ΦΥΛΑ  |y ΛΕΣΒΟΣ  |z 2006-03 
970 |a ΚΑΡΑ  |b ΓΙΑΣΕΜΗ  |z 2006/05/03